Scramble - Countries - Statistics

General Stats
  • This quiz has been taken 51 times
  • The average score is 14 of 15
Answer Stats
Scramble Country % Correct
sau USA
100%
adacan Canada
98%
panja Japan
98%
liche Chile
95%
ranfce France
95%
dniai India
95%
ssruia Russia
95%
lanksria Sri lanka
95%
hinca China
93%
zibrla Brazil
91%
manyger Germany
86%
exmioc Mexico
86%
maanpa Panama
86%
litya Italy
84%
pansi Spain
84%
No matching quizzes found
Score Distribution
Percent of People with Each Score
Percentile by Number Answered
Your Score History
You have not taken this quiz